000 00291nam a2200109Ia 4500
008 200302s9999 xx 000 0 und d
100 _aD. V. Varshney
245 _aEstimating for Civil Engineering
260 _bC BC Publishers and Distributors Pvt., Ltd.,
260 _c2015
300 _a94 P.,
999 _c3845
_d3845